| 000 | 01399nam a22002297a 4500 | ||
|---|---|---|---|
| 005 | 20180417152125.0 | ||
| 010 | _aHIN-101033 B-691156-157 बलिदानी | ||
| 020 |
_a9789380801919 _c795.00 |
||
| 035 | _aHN-73379 | ||
| 035 | _aB-691156-157 | ||
| 037 | _bDBAD/PUB | ||
| 037 | _bपी बी डी | ||
| 082 | _a181.46 | ||
| 100 | _aबंसल, विवेक | ||
| 245 |
_aयुग चेतना के विकास में स्वामी विवेकानन्द का योगदान / _cविवेक बंसल एवं एस.के.वर्मा |
||
| 260 |
_aनई दिल्ली _bशिवांक प्रकाशन _c2012 _c2017 |
||
| 270 |
_a4598/128, गोला कॉटेज अंसारी रोड, दरियागंज _bनई दिल्ली _e110002 _k011 23251264 _mshivank.prakashan@gmail.com |
||
| 300 |
_a204पृ. _c22 सेमी(सजिल्द) |
||
| 500 | _aबलिदानी पुस्तक / संदर्भ ग्रंथ सूची | ||
| 942 |
_2ddc _cHN _mबंसल _h181.46 |
||
| 999 |
_c80730 _d80730 |
||